Statistics for Name A President From Each State

Click here to take the quiz!

General Stats

  • This quiz has been taken 333 times
    (292 since last reset)
  • The average score is 13 of 18

Answer Stats

StatePresident% Correct
IllinoisAbraham Lincoln | Ulysses S. Grant | Barack Obama
95%
CaliforniaHerbert Hoover | Richard Nixon | Ronald Reagan
95%
ArkansasBill Clinton
93%
TexasLyndon B. Johnson | George H.W. Bush | George W. Bush
92%
VirginiaGeorge Washington | Thomas Jefferson | James Madison | James Monroe | John Tyler
92%
New YorkMartin Van Buren | Millard Fillmore | Chester A. Arthur | Grover Cleveland | Theodore Roosevelt | Franklin D. Roosevelt | Dwight D. Eisenhower | Richard Nixon | Donald Trump
91%
MassachusettsJohn Adams | John Quincy Adams | Calvin Coolidge | John F. Kennedy
90%
DelawareJoe Biden
87%
GeorgiaJimmy Carter
85%
OhioWilliam Henry Harrison | Rutherford B. Hayes | James A. Garfield | William McKinley | William Howard Taft | Warren G. Harding
72%
TennesseeAndrew Jackson | James K. Polk | Andrew Johnson
66%
MichiganGerald Ford
62%
MissouriHarry S. Truman
58%
New JerseyWoodrow Wilson
49%
PennsylvaniaJames Buchanan | Dwight D. Eisenhower
43%
IndianaBenjamin Harrison
38%
New HampshireFranklin Pierce
37%
LouisianaZachary Taylor
32%

Score Distribution

Percentile by Number Answered

Percent of People with Each Score

Your Score History

You have not taken this quiz since the last reset